[Event "43. Olimpiada Batumi 2018 Femenina"]
[Site "Batumi GEO"]
[Date "2018.09.26"]
[Round "3.4"]
[White "Agbabishvili, Lali"]
[Black "Yu, Jennifer"]
[Result "0-1"]
[WhiteElo "2128"]
[BlackElo "2268"]
[PlyCount "170"]
[EventDate "2018.09.24"]
[EventType "team-swiss"]
[EventRounds "11"]
[EventCountry "GEO"]
[SourceTitle "Ajedrez en Madrid"]
[Source "lmi"]
[SourceDate "2018.09.24"]
[WhiteTeam "Canada"]
[BlackTeam "United States of America"]
[WhiteTeamCountry "CAN"]

1. d4 d5 2. Bf4 Nf6 3. e3 e6 4. Nf3 Bd6 5. Ne5 O-O 6. Bd3 c5 7. c3 Nc6 8. Nd2
Qc7 9. Ndf3 b6 10. Nxc6 Qxc6 11. Bxd6 Qxd6 12. Ne5 Bb7 13. O-O Ne4 14. f3 f6
15. Ng4 Ng5 16. f4 Ne4 17. Qe2 Qe7 18. Rad1 Rad8 19. Rf3 Bc6 20. Qc2 Be8 21.
Rh3 Bg6 22. Nf2 Nxf2 23. Kxf2 f5 24. Be2 Rc8 25. Qd2 Rc7 26. Kg1 c4 27. Rf1 b5
28. a3 a5 29. g4 fxg4 30. Bxg4 Rf6 31. Rg3 Rb7 32. Qg2 Bd3 33. Be2 Bf5 34. Bf3
Bd3 35. Be2 Bxe2 36. Qxe2 Qd6 37. Qg2 Rbf7 38. Kh1 Kf8 39. Rg1 Qd7 40. Qh3 Rh6
41. Qg4 Qe7 42. Rh3 Qf6 43. Rxh6 Qxh6 44. Rg3 Qf6 45. h3 Qf5 46. Kh2 Ke8 47.
Qe2 h6 48. Qg2 Kf8 49. Qe2 Rb7 50. Qd2 g6 51. Rg2 Kf7 52. Re2 Qe4 53. Rg2 Kg7
54. Re2 Rf7 55. Rg2 Kh7 56. Qc2 Qxc2 57. Rxc2 g5 58. fxg5 hxg5 59. Kg2 Kg6 60.
Re2 e5 61. dxe5 Re7 62. Kf3 Rxe5 63. e4 Kh5 64. exd5 Rxd5 65. Ke4 Rd3 66. Rh2
Kh4 67. Kf5 Rf3+ 68. Kg6 Rg3 69. Kf5 Rg1 70. Ke4 Kg3 71. Re2 Kxh3 72. Kd4 Rf1
73. Re5 g4 74. Rxb5 g3 75. Rb8 g2 76. Rh8+ Kg3 77. Rg8+ Kf3 78. Kxc4 g1=Q 79.
Rxg1 Rxg1 80. b4 axb4 81. axb4 Ke4 82. b5 Ke5 83. Kc5 Ke6 84. Kc6 Rc1 85. b6
Rxc3+ 0-1

[Event "43. Olimpiada Batumi 2018 Femenina"]
[Site "Batumi GEO"]
[Date "2018.09.26"]
[Round "3.1"]
[White "Unuk, Laura"]
[Black "Peng, Zhaoqin"]
[Result "1/2-1/2"]
[WhiteElo "2299"]
[BlackElo "2367"]
[PlyCount "80"]
[EventDate "2018.09.24"]
[EventType "team-swiss"]
[EventRounds "11"]
[EventCountry "GEO"]
[SourceTitle "Ajedrez en Madrid"]
[Source "lmi"]
[SourceDate "2018.09.24"]
[WhiteTeam "Slovenia"]
[BlackTeam "Netherlands"]
[WhiteTeamCountry "SLO"]
[BlackTeamCountry "NED"]

1. Nf3 c5 2. c4 Nc6 3. Nc3 e5 4. g3 g6 5. Bg2 Bg7 6. O-O Nge7 7. Ne1 d6 8. Nc2
O-O 9. d3 Be6 10. Ne3 Qd7 11. Rb1 Bh3 12. Ned5 Bxg2 13. Kxg2 Nxd5 14. Nxd5 Rab8
15. Qa4 b5 16. Qa6 bxc4 17. dxc4 Nb4 18. Nxb4 Rxb4 19. Rd1 Rb6 20. Qa3 Qg4 21.
Be3 Qxc4 22. Qxa7 Qe4+ 23. Kg1 Qc6 24. Qa3 e4 25. Rd2 Rfb8 26. b3 Be5 27. Rbd1
h5 28. Qc1 Qc8 29. Rd5 Ra6 30. Bf4 Rxa2 31. Bxe5 dxe5 32. Rxc5 Qe6 33. Qe3 Qxb3
34. Rd8+ Kg7 35. Rxb8 Qxb8 36. Qxe4 f6 37. Kg2 Ra7 38. Qd5 Qb7 39. Qxb7+ Rxb7
40. Kf3 Rd7 1/2-1/2

[Event "43. Olimpiada Batumi 2018 Femenina"]
[Site "Batumi GEO"]
[Date "2018.09.26"]
[Round "3.2"]
[White "Haast, Anne"]
[Black "Janzelj, Lara"]
[Result "0-1"]
[WhiteElo "2345"]
[BlackElo "2254"]
[PlyCount "146"]
[EventDate "2018.09.24"]
[EventType "team-swiss"]
[EventRounds "11"]
[EventCountry "GEO"]
[SourceTitle "Ajedrez en Madrid"]
[Source "lmi"]
[SourceDate "2018.09.24"]
[WhiteTeam "Netherlands"]
[BlackTeam "Slovenia"]
[WhiteTeamCountry "NED"]
[BlackTeamCountry "SLO"]

1. e4 e5 2. Nf3 Nc6 3. Bc4 Nf6 4. d3 h6 5. c3 d6 6. Nbd2 g6 7. O-O Bg7 8. Bb3
O-O 9. Re1 Re8 10. h3 g5 11. Nh2 Ne7 12. Ndf1 Ng6 13. Ng3 Qe7 14. Ng4 Kh7 15.
Nf5 Bxf5 16. exf5 Nh4 17. d4 e4 18. f3 d5 19. fxe4 dxe4 20. Ne5 Rf8 21. Rf1 c5
22. Be3 Rad8 23. Qe2 Nd5 24. Bxd5 Rxd5 25. f6 Bxf6 26. Bxg5 Bxg5 27. Qxe4+ f5
28. Qxd5 Qg7 29. Kh1 Bf6 30. Nd7 Rf7 31. Nxf6+ Rxf6 32. Rae1 Rd6 33. Re7 Qxe7
34. Qxc5 b6 35. Qc4 Rg6 36. Rf2 Qe3 37. Qc7+ Rg7 38. Qf4 Qxf4 39. Rxf4 Nxg2 40.
Rxf5 Ne3 41. Rf2 h5 42. b3 b5 43. Rf3 Re7 44. Kh2 Kg6 45. Kg3 Nf5+ 46. Kf2 Kg5
47. a4 b4 48. cxb4 Nxd4 49. Rd3 Re2+ 50. Kf1 Re4 51. b5 Kf4 52. Kf2 h4 53. Kf1
Ke5 54. Rc3 Rf4+ 55. Kg2 Rf7 56. b4 Ke4 57. Rc5 Rb7 58. Rg5 Nf5 59. Kf2 Rc7 60.
Rg4+ Ke5 61. a5 Rb7 62. b6 axb6 63. a6 Rc7 64. b5 Rc2+ 65. Kf3 Nd4+ 66. Ke3
Rc3+ 67. Kf2 Rxh3 68. Kg2 Ra3 69. Rxh4 Kd5 70. Rh5+ Kc4 71. Rh4 Ra5 72. Rh7
Nxb5 73. Rh4+ Nd4 0-1

[Event "43. Olimpiada Batumi 2018 Femenina"]
[Site "Batumi GEO"]
[Date "2018.09.26"]
[Round "3.3"]
[White "Krivec, Jana"]
[Black "Paulet, Iozefina"]
[Result "1-0"]
[WhiteElo "2185"]
[BlackElo "2275"]
[PlyCount "103"]
[EventDate "2018.09.24"]
[EventType "team-swiss"]
[EventRounds "11"]
[EventCountry "GEO"]
[SourceTitle "Ajedrez en Madrid"]
[Source "lmi"]
[SourceDate "2018.09.24"]
[WhiteTeam "Slovenia"]
[BlackTeam "Netherlands"]
[WhiteTeamCountry "SLO"]
[BlackTeamCountry "NED"]

1. e4 e6 2. d4 d5 3. Nc3 Nf6 4. Bg5 Bb4 5. e5 h6 6. Bc1 Ne4 7. Qg4 g6 8. Nge2
c5 9. a3 Bxc3+ 10. Nxc3 Nxc3 11. bxc3 Qc7 12. Bd2 Bd7 13. Bd3 Ba4 14. Ra2 Nc6
15. O-O c4 16. Be2 O-O-O 17. f4 Ne7 18. Rb1 Nf5 19. Rb4 b5 20. g3 Qb6 21. Qf3
Bb3 22. cxb3 a5 23. g4 Ne7 24. bxc4 axb4 25. c5 Qb7 26. cxb4 Nc6 27. Bc3 Kc7
28. Qf1 Rb8 29. a4 Na7 30. axb5 Nxb5 31. Bb2 Kc8 32. Kg2 Nc7 33. Bc3 Ra8 34.
Rxa8+ Qxa8 35. b5 Qa3 36. Be1 Qb2 37. Bf2 Kb7 38. b6 Ne8 39. Ba6+ Kc6 40. Qd1
Qa3 41. Be2 Nc7 42. bxc7 Kxc7 43. Qd3 Qxd3 44. Bxd3 h5 45. f5 gxf5 46. gxf5
Rg8+ 47. Kh3 Rg4 48. f6 Kc6 49. Be2 Rf4 50. Kg3 Rf5 51. Be3 Kc7 52. h4 1-0

[Event "43. Olimpiada Batumi 2018 Femenina"]
[Site "Batumi GEO"]
[Date "2018.09.26"]
[Round "3.4"]
[White "Ratsma, Rosa"]
[Black "Vidic, Teja"]
[Result "1-0"]
[WhiteElo "2260"]
[BlackElo "2116"]
[PlyCount "81"]
[EventDate "2018.09.24"]
[EventType "team-swiss"]
[EventRounds "11"]
[EventCountry "GEO"]
[SourceTitle "Ajedrez en Madrid"]
[Source "lmi"]
[SourceDate "2018.09.24"]
[WhiteTeam "Netherlands"]
[BlackTeam "Slovenia"]
[WhiteTeamCountry "NED"]
[BlackTeamCountry "SLO"]

1. e4 c5 2. Nf3 Nc6 3. Bb5 g6 4. Bxc6 dxc6 5. d3 Bg7 6. h3 Nf6 7. Nc3 O-O 8.
O-O Nd7 9. Be3 e5 10. Qd2 Re8 11. Nh2 Qe7 12. Bh6 Bh8 13. Kh1 b6 14. Rae1 a5
15. f4 exf4 16. Bxf4 Ne5 17. Nd1 Be6 18. Ne3 Rad8 19. Qf2 Bf6 20. Bg3 Nd7 21.
b3 Qf8 22. Nc4 Bxc4 23. bxc4 Bd4 24. Qd2 Bg7 25. Rb1 Rc8 26. Bf4 h5 27. Nf3 Qe7
28. Qf2 Bf6 29. h4 Qd8 30. Qg3 Re6 31. e5 Bg7 32. Ng5 Re7 33. e6 fxe6 34. Bd6
Nf6 35. Bxe7 Qxe7 36. Rbe1 e5 37. Rxe5 Qc7 38. Ne6 Ne4 39. Qxg6 Qxe5 40. dxe4
Rb8 41. Rf7 1-0

[Event "43. Olimpiada Batumi 2018 Femenina"]
[Site "Batumi GEO"]
[Date "2018.09.26"]
[Round "3.1"]
[White "Munguntuul, Batkhuyag"]
[Black "Badelka, Olga"]
[Result "1/2-1/2"]
[WhiteElo "2422"]
[BlackElo "2404"]
[PlyCount "86"]
[EventDate "2018.09.24"]
[EventType "team-swiss"]
[EventRounds "11"]
[EventCountry "GEO"]
[SourceTitle "Ajedrez en Madrid"]
[Source "lmi"]
[SourceDate "2018.09.24"]
[WhiteTeam "Mongolia"]
[BlackTeam "Belarus"]
[WhiteTeamCountry "MGL"]
[BlackTeamCountry "BLR"]

1. e4 c5 2. Nf3 Nc6 3. d4 cxd4 4. Nxd4 Qb6 5. Nb3 Nf6 6. Nc3 e6 7. Be3 Qc7 8.
f4 d6 9. g4 a6 10. g5 Nd7 11. Qd2 b5 12. O-O-O Bb7 13. f5 Nce5 14. fxe6 fxe6
15. a3 Be7 16. Bh3 Nc4 17. Qe1 Nf8 18. Rg1 Bc8 19. Kb1 Bd7 20. Bd4 Rg8 21. Rd3
Ng6 22. Rf3 Nge5 23. Bxe5 Nxe5 24. Rf2 Qb6 25. Ne2 a5 26. Nbd4 b4 27. a4 b3 28.
Nxb3 Rb8 29. Ned4 Bxa4 30. Bxe6 Bxb3 31. cxb3 Qxd4 32. Bxg8 a4 33. Rg3 axb3 34.
Rxb3 Rxb3 35. Bxb3 Nd3 36. Rd2 Bxg5 37. Ba4+ Ke7 38. Rxd3 Qxd3+ 39. Bc2 Qd4 40.
Qd1 Qb4 41. e5 dxe5 42. Bxh7 Be3 43. Ka2 Qa5+ 1/2-1/2

[Event "43. Olimpiada Batumi 2018 Femenina"]
[Site "Batumi GEO"]
[Date "2018.09.26"]
[Round "3.2"]
[White "Stetsko, Lanita"]
[Black "Munkhzul, Turmunkh"]
[Result "0-1"]
[WhiteElo "2188"]
[BlackElo "2149"]
[PlyCount "148"]
[EventDate "2018.09.24"]
[EventType "team-swiss"]
[EventRounds "11"]
[EventCountry "GEO"]
[SourceTitle "Ajedrez en Madrid"]
[Source "lmi"]
[SourceDate "2018.09.24"]
[WhiteTeam "Belarus"]
[BlackTeam "Mongolia"]
[WhiteTeamCountry "BLR"]
[BlackTeamCountry "MGL"]

1. e4 c5 2. Nf3 d6 3. d4 cxd4 4. Nxd4 Nf6 5. Nc3 a6 6. g3 e5 7. Nde2 Be7 8. Bg2
O-O 9. O-O b5 10. Nd5 Nxd5 11. Qxd5 Ra7 12. Be3 Be6 13. Qd2 Rb7 14. Nc3 Nd7 15.
Nd5 Bxd5 16. Qxd5 Qc7 17. c3 Nb6 18. Bxb6 Qxb6 19. Rfd1 Rc7 20. h4 Rb8 21. Qb3
Rc4 22. Rd2 Qc7 23. Qd1 Qc8 24. Kh2 Qe6 25. Qe2 Qh6 26. Kg1 Qe6 27. Kh2 Qh6 28.
Kg1 Qe6 29. Qe3 Rc5 30. Kh2 Qc4 31. Bf1 Qe6 32. Bg2 Qc4 33. Bf1 Qe6 34. b3 Bd8
35. Rad1 Bc7 36. Rd5 Rxd5 37. Rxd5 Bb6 38. Qd2 Rd8 39. c4 Qf6 40. cxb5 Bxf2 41.
Bg2 axb5 42. Rxb5 Bd4 43. Qg5 Qxg5 44. hxg5 g6 45. Bf1 Be3 46. Bc4 Rd7 47. a4
Bxg5 48. a5 Be3 49. Rb8+ Kg7 50. b4 Rc7 51. Bf1 Rc1 52. Bg2 h5 53. b5 Ra1 54.
a6 g5 55. b6 Rxa6 56. b7 Rb6 57. Rd8 Rxb7 58. Rxd6 Rb1 59. Rd3 Re1 60. Bf3 g4
61. Rd1 Bg1+ 62. Kh1 Bf2+ 63. Rxe1 Bxe1 64. Bd1 Bxg3 65. Kg2 Bf4 66. Ba4 Kh6
67. Bd7 Kg5 68. Bc8 h4 69. Bd7 h3+ 70. Kh1 Kh4 71. Kg1 g3 72. Kh1 g2+ 73. Kg1
Be3+ 74. Kh2 g1=Q# 0-1

[Event "43. Olimpiada Batumi 2018 Femenina"]
[Site "Batumi GEO"]
[Date "2018.09.26"]
[Round "3.3"]
[White "Yanjindulam, Dulamsuren"]
[Black "Kusenkova, Natallia"]
[Result "1/2-1/2"]
[WhiteElo "2123"]
[BlackElo "2167"]
[PlyCount "100"]
[EventDate "2018.09.24"]
[EventType "team-swiss"]
[EventRounds "11"]
[EventCountry "GEO"]
[SourceTitle "Ajedrez en Madrid"]
[Source "lmi"]
[SourceDate "2018.09.24"]
[WhiteTeam "Mongolia"]
[BlackTeam "Belarus"]
[WhiteTeamCountry "MGL"]
[BlackTeamCountry "BLR"]

1. e4 e5 2. Nf3 Nc6 3. Bb5 a6 4. Ba4 Nf6 5. d3 d6 6. O-O g6 7. c3 Bg7 8. h3 O-O
9. Be3 b5 10. Bc2 d5 11. Nbd2 h6 12. d4 exd4 13. Nxd4 Nxd4 14. Bxd4 dxe4 15.
Nxe4 Bb7 16. Re1 Nxe4 17. Bxe4 Bxe4 18. Rxe4 Qd5 19. Qe2 Rad8 20. a4 Bxd4 21.
Rxd4 Qc5 22. Rad1 Rxd4 23. Rxd4 c6 24. Qe3 Kg7 25. a5 Qf5 26. Rd6 Rc8 27. b4 h5
28. Qd4+ Kg8 29. Rf6 Qb1+ 30. Kh2 Qe1 31. Qc5 Qe4 32. Qd6 Kg7 33. Rf4 Qe6 34.
Qd4+ Kg8 35. Rf6 Qe7 36. Rd6 Qc7 37. Kg1 Re8 38. g3 Qc8 39. Kh2 Qc7 40. Rd7 Qe5
41. Rd8 Kh7 42. Rxe8 Qxe8 43. Qa7 h4 44. Qc7 hxg3+ 45. Kxg3 Qe6 46. Qf4 Kg7 47.
h4 Kg8 48. Qd4 Kh7 49. Kf3 Qh3+ 50. Ke2 Qe6+ 1/2-1/2

[Event "43. Olimpiada Batumi 2018 Femenina"]
[Site "Batumi GEO"]
[Date "2018.09.26"]
[Round "3.4"]
[White "Kaliadzich, Maryia"]
[Black "Batchimeg, Tuvshintugs"]
[Result "1/2-1/2"]
[WhiteElo "2040"]
[BlackElo "2367"]
[PlyCount "158"]
[EventDate "2018.09.24"]
[EventType "team-swiss"]
[EventRounds "11"]
[EventCountry "GEO"]
[SourceTitle "Ajedrez en Madrid"]
[Source "lmi"]
[SourceDate "2018.09.24"]
[WhiteTeam "Belarus"]
[BlackTeam "Mongolia"]
[WhiteTeamCountry "BLR"]
[BlackTeamCountry "MGL"]

1. d4 e6 2. Nf3 f5 3. g3 Nf6 4. Bg2 d5 5. c4 Bd6 6. O-O O-O 7. b3 b6 8. Bb2 Qe7
9. Ne5 Bb7 10. Nd2 c6 11. Rc1 Nfd7 12. cxd5 cxd5 13. Ndc4 Nxe5 14. Nxd6 Qxd6
15. dxe5 Qe7 16. a3 Nc6 17. b4 Rac8 18. Qa4 Qd7 19. Qb3 Ba6 20. Rc2 Bc4 21. Qe3
Ne7 22. Rfc1 h6 23. Qd2 Qb5 24. Bf1 Rc7 25. e3 Rfc8 26. Bd4 Qa6 27. Rc3 Rc6 28.
Qd1 Bxf1 29. Qxf1 Rc4 30. Kg2 Kf7 31. h4 R8c6 32. Qd3 Qc8 33. Kf3 Qc7 34. Kg2
Rxc3 35. Rxc3 Rc4 36. h5 Qc6 37. Kf1 Qb5 38. Kg2 Nc6 39. Kf3 Qa6 40. Kg2 Ne7
41. Kg1 Qc8 42. Kg2 Ke8 43. Kf1 Kd7 44. Ke1 Qc6 45. Kd2 Qb5 46. Ke1 Kc6 47. Kd2
Kb7 48. f3 Qa6 49. f4 Qb5 50. Ke1 Qc6 51. Kf2 Nc8 52. Kg1 a6 53. Kf2 Na7 54. a4
Rxc3 55. Bxc3 Qxa4 56. g4 Qd7 57. gxf5 exf5 58. Qf1 Nb5 59. Bd4 Nc7 60. Qg2 Qf7
61. e6 Qxe6 62. Qxg7 Kc6 63. Be5 Ne8 64. Qg6 Kd7 65. Qh7+ Kc6 66. Qg6 Kd7 67.
Qg1 Qf7 68. Qd1 Nd6 69. Qa4+ b5 70. Qxa6 Ne4+ 71. Ke1 Qxh5 72. Qxb5+ Ke7 73.
Qb7+ Ke8 74. Qc8+ Ke7 75. Qb7+ Ke8 76. Qb5+ Ke7 77. Qb7+ Ke8 78. Qb5+ Ke7 79.
Qb7+ Ke8 1/2-1/2

[Event "43. Olimpiada Batumi 2018 Femenina"]
[Site "Batumi GEO"]
[Date "2018.09.26"]
[Round "3.1"]
[White "Tokhirjonova, Gulrukhbegim"]
[Black "Sihite, Chelsie Monica Igne"]
[Result "1-0"]
[WhiteElo "2369"]
[BlackElo "2244"]
[PlyCount "87"]
[EventDate "2018.09.24"]
[EventType "team-swiss"]
[EventRounds "11"]
[EventCountry "GEO"]
[SourceTitle "Ajedrez en Madrid"]
[Source "lmi"]
[SourceDate "2018.09.24"]
[WhiteTeam "Uzbekistan"]
[BlackTeam "Indonesia"]
[WhiteTeamCountry "UZB"]
[BlackTeamCountry "INA"]

1. e4 e5 2. Nf3 Nc6 3. Bb5 f5 4. Nc3 fxe4 5. Nxe4 Nf6 6. Qe2 d5 7. Nxf6+ gxf6
8. O-O Bg7 9. Nd4 O-O 10. Nxc6 bxc6 11. Bxc6 Rb8 12. c4 Be6 13. cxd5 Bxd5 14.
Bxd5+ Qxd5 15. b3 Kh8 16. Bb2 Rg8 17. g3 Rb4 18. Rac1 Rh4 19. Rxc7 Bf8 20. Rfc1
Rg6 21. R7c4 Rh3 22. Rg4 Bc5 23. d4 Bb6 24. Rxg6 hxg6 25. dxe5 Kh7 26. exf6 Qf5
27. Qe7+ Kh6 28. Rf1 g5 29. f7 Bc5 30. f8=Q+ Qxf8 31. Qe6+ Kh7 32. Qxh3+ Kg6
33. Qe6+ Kh7 34. Qe4+ Kh6 35. Bd4 Bd6 36. Re1 Bb4 37. Qe6+ Kh7 38. Qd7+ Kg6 39.
Re6+ Kh5 40. Rf6 Qxf6 41. Bxf6 Kg6 42. Bd4 Kh6 43. g4 a5 44. Qg7# 1-0

[Event "43. Olimpiada Batumi 2018 Femenina"]
[Site "Batumi GEO"]
[Date "2018.09.26"]
[Round "3.2"]
[White "Fisabilillah, Ummi"]
[Black "Kurbonboeva, Sarvinoz"]
[Result "1/2-1/2"]
[WhiteElo "2227"]
[BlackElo "2202"]
[PlyCount "106"]
[EventDate "2018.09.24"]
[EventType "team-swiss"]
[EventRounds "11"]
[EventCountry "GEO"]
[SourceTitle "Ajedrez en Madrid"]
[Source "lmi"]
[SourceDate "2018.09.24"]
[WhiteTeam "Indonesia"]
[BlackTeam "Uzbekistan"]
[WhiteTeamCountry "INA"]
[BlackTeamCountry "UZB"]

1. e4 c5 2. Nf3 d6 3. Bb5+ Bd7 4. Bxd7+ Qxd7 5. c4 Nf6 6. Nc3 g6 7. d4 cxd4 8.
Nxd4 Bg7 9. O-O O-O 10. f3 Rc8 11. b3 d5 12. e5 Ne8 13. Nxd5 e6 14. Nc3 Bxe5
15. Nde2 b5 16. Rb1 bxc4 17. Be3 Qxd1 18. Rfxd1 cxb3 19. Rxb3 Nc6 20. Rb5 a6
21. Rc5 Bd6 22. Rc4 Ne7 23. Ra4 Be5 24. Bd4 Bxd4+ 25. Rdxd4 Nc7 26. Rdc4 Ra7
27. Ra5 Rd8 28. Rd4 Rxd4 29. Nxd4 Rb7 30. Nb3 Rb4 31. Rc5 Ncd5 32. Ne4 Ra4 33.
Ra5 Rxa5 34. Nxa5 Kg7 35. Kf2 Nc7 36. Nc4 Ned5 37. a3 f6 38. g3 e5 39. Nc5 Kf7
40. Ke2 Nc3+ 41. Kd3 N3b5 42. a4 Nd4 43. Nd2 f5 44. Kc4 g5 45. Nd7 Ke6 46. Nc5+
Ke7 47. Nb7 Nde6 48. Kb4 Kd7 49. Na5 Nd5+ 50. Kc4 Nb6+ 51. Kb4 Nd5+ 52. Kc4
Nb6+ 53. Kb4 Nd5+ 1/2-1/2

[Event "43. Olimpiada Batumi 2018 Femenina"]
[Site "Batumi GEO"]
[Date "2018.09.26"]
[Round "3.3"]
[White "Gevorgyan, Irina"]
[Black "Nur Abidah, Shanti"]
[Result "1-0"]
[WhiteElo "2265"]
[BlackElo "2152"]
[PlyCount "107"]
[EventDate "2018.09.24"]
[EventType "team-swiss"]
[EventRounds "11"]
[EventCountry "GEO"]
[SourceTitle "Ajedrez en Madrid"]
[Source "lmi"]
[SourceDate "2018.09.24"]
[WhiteTeam "Uzbekistan"]
[BlackTeam "Indonesia"]
[WhiteTeamCountry "UZB"]
[BlackTeamCountry "INA"]

1. Nf3 d5 2. e3 Nf6 3. c4 e6 4. b3 c5 5. Bb2 Nc6 6. cxd5 exd5 7. Bb5 Bd7 8. O-O
Bd6 9. d4 cxd4 10. Nxd4 O-O 11. Be2 a6 12. Nd2 Qe7 13. Nxc6 bxc6 14. Bf3 Be5
15. Bxe5 Qxe5 16. Qc2 Rfc8 17. Rac1 Ng4 18. Bxg4 Bxg4 19. h3 Bd7 20. Nf3 Qf6
21. Qc3 Qd6 22. Qe5 Qa3 23. Rc2 a5 24. Rfc1 a4 25. Nd4 axb3 26. axb3 f6 27. Qh5
Qd6 28. Rc5 Ra1 29. Rxa1 Qxc5 30. Qe2 Qb6 31. Ra6 Qb8 32. Qd1 c5 33. Nf5 Bxf5
34. Qxd5+ Kh8 35. Qxf5 c4 36. bxc4 Rxc4 37. Ra1 Qc8 38. Qb1 h6 39. Qd1 Rc2 40.
Qd5 Rc1+ 41. Rxc1 Qxc1+ 42. Kh2 Qe1 43. Qa8+ Kh7 44. Qe4+ Kh8 45. Qf5 Qc3 46.
e4 Kg8 47. f4 Qd3 48. Qd5+ Qxd5 49. exd5 Kf7 50. Kg3 Ke7 51. Kf3 f5 52. Ke3 Kd6
53. Kd4 g6 54. h4 1-0

[Event "43. Olimpiada Batumi 2018 Femenina"]
[Site "Batumi GEO"]
[Date "2018.09.26"]
[Round "3.4"]
[White "Anisa, Aay Aisyah"]
[Black "Nadirjanova, Nodira"]
[Result "1/2-1/2"]
[WhiteElo "1968"]
[BlackElo "2167"]
[PlyCount "159"]
[EventDate "2018.09.24"]
[EventType "team-swiss"]
[EventRounds "11"]
[EventCountry "GEO"]
[SourceTitle "Ajedrez en Madrid"]
[Source "lmi"]
[SourceDate "2018.09.24"]
[WhiteTeam "Indonesia"]
[BlackTeam "Uzbekistan"]
[WhiteTeamCountry "INA"]
[BlackTeamCountry "UZB"]

1. e4 e6 2. d4 d5 3. Nc3 Nf6 4. e5 Nfd7 5. f4 c5 6. Nf3 Qb6 7. Na4 Qa5+ 8. c3
b6 9. Bd2 c4 10. b4 Qa6 11. Be2 Bb7 12. Qc2 g6 13. Nb2 b5 14. a4 bxa4 15. Rxa4
Qb6 16. O-O Be7 17. Rfa1 O-O 18. R4a2 Bc6 19. Be3 Rc8 20. Bf2 Bb5 21. Na4 Bxa4
22. Rxa4 Rc7 23. Nd2 Qb7 24. Bf3 Nb6 25. R4a2 Nc6 26. Rb1 Qc8 27. Nf1 Rb7 28.
Ra6 Qf8 29. Qd2 Qc8 30. Ne3 Rab8 31. Nc2 Na8 32. Rba1 Rb6 33. R6a2 Bd8 34. Be1
Nc7 35. Qe3 Ra6 36. Qc1 Rxa2 37. Rxa2 Nb5 38. g4 Bb6 39. Na3 Nxa3 40. Rxa3 Qf8
41. Ra2 f5 42. exf6 Qxf6 43. Bf2 Rf8 44. Qe3 Kh8 45. b5 Nd8 46. Kg2 Kg8 47. Bg3
Qf7 48. Re2 Bc7 49. Ra2 Bb6 50. Re2 Qf6 51. h3 Rf7 52. g5 Qg7 53. Bg4 Re7 54.
h4 Qf7 55. Qe5 Bc7 56. Qf6 Re8 57. h5 Qxf6 58. gxf6 Kf7 59. hxg6+ hxg6 60. Bf3
Bb6 61. f5 Kxf6 62. fxe6 Rxe6 63. Be5+ Rxe5 64. dxe5+ Ke6 65. Bg4+ Ke7 66. e6
Nb7 67. Bf3 Nd6 68. Bxd5 Ba5 69. Ra2 Bb6 70. Ra4 Nxb5 71. Rxc4 Nc7 72. Be4 g5
73. Bf5 Nd5 74. Kf3 Ne3 75. Bd3 Nxc4 76. Bxc4 Ba5 77. Kg4 Kf6 78. e7 Kxe7 79.
Kxg5 Bxc3 80. Kf4 1/2-1/2

[Event "43. Olimpiada Batumi 2018 Femenina"]
[Site "Batumi GEO"]
[Date "2018.09.26"]
[Round "3.1"]
[White "Paehtz, Elisabeth"]
[Black "Shvayger, Yuliya"]
[Result "1/2-1/2"]
[WhiteElo "2513"]
[BlackElo "2375"]
[PlyCount "85"]
[EventDate "2018.09.24"]
[EventType "team-swiss"]
[EventRounds "11"]
[EventCountry "GEO"]
[SourceTitle "Ajedrez en Madrid"]
[Source "lmi"]
[SourceDate "2018.09.24"]
[WhiteTeam "Germany"]
[BlackTeam "Israel"]
[WhiteTeamCountry "GER"]
[BlackTeamCountry "ISR"]

1. d4 Nf6 2. c4 e6 3. Nc3 Bb4 4. e3 O-O 5. Nge2 d5 6. a3 Bd6 7. Ng3 b6 8. cxd5
exd5 9. Bd3 Re8 10. O-O Bb7 11. b4 a6 12. Qc2 Nbd7 13. Rb1 Ra7 14. b5 c5 15.
bxc6 Bxc6 16. a4 g6 17. Qb3 h5 18. f3 Qb8 19. f4 Kg7 20. Bd2 Qd8 21. Nh1 Ra8
22. Nf2 Bb7 23. Be2 Qe7 24. Nd3 a5 25. Bc1 Rab8 26. Ne5 Bb4 27. Na2 Bd6 28. Bb5
Rec8 29. Bb2 Ba8 30. Rbc1 Nf8 31. Qd3 Ne4 32. Nc6 Bxc6 33. Bxc6 Qe6 34. Qb5 Nf6
35. Rfe1 Kg8 36. Re2 Be7 37. e4 dxe4 38. d5 Qg4 39. Bxf6 Bxf6 40. Rxe4 Qf5 41.
Rce1 Rd8 42. Nc1 Bc3 43. R1e2 1/2-1/2

[Event "43. Olimpiada Batumi 2018 Femenina"]
[Site "Batumi GEO"]
[Date "2018.09.26"]
[Round "3.2"]
[White "Efroimski, Marsel"]
[Black "Osmanodja, Filiz"]
[Result "1/2-1/2"]
[WhiteElo "2313"]
[BlackElo "2348"]
[PlyCount "136"]
[EventDate "2018.09.24"]
[EventType "team-swiss"]
[EventRounds "11"]
[EventCountry "GEO"]
[SourceTitle "Ajedrez en Madrid"]
[Source "lmi"]
[SourceDate "2018.09.24"]
[WhiteTeam "Israel"]
[BlackTeam "Germany"]
[WhiteTeamCountry "ISR"]
[BlackTeamCountry "GER"]

1. e4 e5 2. Nf3 Nc6 3. Nc3 Nf6 4. Bb5 Bd6 5. d3 h6 6. O-O O-O 7. a3 Re8 8. Be3
Bf8 9. Bc4 d6 10. h3 Ne7 11. d4 exd4 12. Nxd4 Ng6 13. Re1 c6 14. Ba2 Qc7 15.
Qf3 Ne5 16. Qg3 Kh7 17. f4 Ng6 18. Qf3 b6 19. Bf2 Bb7 20. Nf5 d5 21. e5 Ng8 22.
Rad1 f6 23. Nh4 Nxh4 24. Bxh4 fxe5 25. fxe5 Rxe5 26. Rxe5 Qxe5 27. Re1 Qd4+ 28.
Bf2 Qf6 29. Qd3+ Qg6 30. Qxg6+ Kxg6 31. Ne2 Re8 32. c4 Nf6 33. Nf4+ Kf7 34.
Rxe8 Kxe8 35. Ne6 Ke7 36. Nxf8 Kxf8 37. cxd5 cxd5 38. Bd4 Ne4 39. Kf1 Kf7 40.
Ke2 Ng3+ 41. Kf2 Nf5 42. Be5 Ke6 43. Bb8 a6 44. Ba7 b5 45. g4 Ne7 46. Bd4 Kf7
47. Ke3 h5 48. Kf4 hxg4 49. hxg4 Bc8 50. Bc5 Ng6+ 51. Kg5 Be6 52. Bd4 Ne7 53.
Bb1 Nc6 54. Bg6+ Kg8 55. Bb6 Ne5 56. Bc2 Nxg4 57. a4 Ne5 58. axb5 axb5 59. Kf4
Nc4 60. Bd4 Kf7 61. Bd3 Nd6 62. Bc5 Nb7 63. Bb4 Bd7 64. Ke5 Bc6 65. Bf5 Nd8 66.
Ba5 Ke7 67. Bb4+ Kf7 68. Ba5 Ke7 1/2-1/2

[Event "43. Olimpiada Batumi 2018 Femenina"]
[Site "Batumi GEO"]
[Date "2018.09.26"]
[Round "3.3"]
[White "Hoolt, Sarah"]
[Black "Klinova, Masha"]
[Result "1-0"]
[WhiteElo "2355"]
[BlackElo "2288"]
[PlyCount "71"]
[EventDate "2018.09.24"]
[EventType "team-swiss"]
[EventRounds "11"]
[EventCountry "GEO"]
[SourceTitle "Ajedrez en Madrid"]
[Source "lmi"]
[SourceDate "2018.09.24"]
[WhiteTeam "Germany"]
[BlackTeam "Israel"]
[WhiteTeamCountry "GER"]
[BlackTeamCountry "ISR"]

1. e4 d6 2. d4 g6 3. Nc3 Bg7 4. f4 a6 5. Nf3 Nd7 6. e5 e6 7. Bd3 Ne7 8. Ne4 d5
9. Nf2 c5 10. c3 b6 11. O-O Bb7 12. b3 Qc7 13. Qe2 b5 14. Ba3 c4 15. bxc4 dxc4
16. Be4 Nd5 17. Bxd5 Bxd5 18. Ne4 Bxe4 19. Qxe4 Nb6 20. Bd6 Qc8 21. f5 gxf5 22.
Qh4 Qd8 23. Qh5 Nd5 24. Ng5 Qd7 25. Rxf5 exf5 26. e6 Qxd6 27. Qxf7+ Kd8 28.
Qxg7 Kc8 29. Qxh8+ Kb7 30. Qxh7+ Kb6 31. Re1 Nxc3 32. Nf3 Re8 33. Qxf5 Nxa2 34.
d5 Nb4 35. Ne5 Qxd5 36. Qf2+ 1-0